01059nam a2200229Ia 4500003000900000008004100009020002200050040001600072080002300088111007700111245020300188260005000391300002300441650004300464650006800507700002900575700003400604700002900638942000700667999001700674952013800691IN-BaIIA211028s9999 xx 000 0 eng d a978-0-7354-0596-7 cIIA Library a52-732(082.1)bNAN a2008 Nanjing Gamma-Ray Burst ConferencecNanjingd2008 June 23-37932536 0a2008 Nanjing gamma-ray burst Conferencebproceedings of the 2008 Nanjing gamma-ray burst Conference, held in Nanjing, China, 23 - 37 June, 2008cedited by Yong-Feng Huang, Zi-Gao Dai and Bing Zhang. aNew YorkbAmerican Institute of Physicsc2008 a[various pagings.] aOptical observations-congresses932537 aTwo thousand and eight nanjing gamma-ray burst conferene932538 aDai, Zi-Gao., ed.932539 aHuang, Yong-Feng., ed.932540 aZhang, Bing., ed.932541 cBK c17264d17264 00104070aBANbBANcGENd2009-05-15eBB g695.00l0o52-732(082.1)/ NANp18186r2021-11-05v695.00w2009-05-15yBKGRs. 695.00